000 00922nas a2200289 4500
001 BR2014005880
003 BR-BrBNA
005 20231205124517.0
007 ta
008 230509b bl.|||p| |||| 00| 00por d
040 _aBR-BrBNA
_bpor
_cBiblioteca Nacional de Agricultura
041 _a(Pt)
072 _aT01
100 1 _aOliveira, C. de
100 1 _aAmaral Sobrinho, N.M.B. do
100 1 _aMarques, V. dos S.
100 1 _aMazur, N.
245 1 _aEfeitos da aplicação do lodo de esgoto enriquecido com cádmio e zinco na cultura do arroz
650 _aARROZ
650 _aMETAL PESADO
650 _aSOLO
650 _aCONTAMINAÇÃO
773 0 _tRevista Brasileira de Ciência do Solo (Brazil)
_xISSN 0100-0683
_g(Jan-Feb 2005), v. 29(1) p. 109-116
_wBR2014005880
856 4 0 _uhttp://www.scielo.br/pdf/rbcs/v29n1/23527.pdf
909 _a202311
_bLúcia
_c55
_dLúcia Elande
942 _2AGRIS
_n0
_cANA
999 _c239451
_d239451